000 00562nam a2200193Ia 4500
005 20250326142106.0
008 250326s9999 xx 000 0 und d
020 _a0-02-928270-0
037 _aTextbook
040 _aFMSL
_beng
_cFMSL
041 _aeng
_2eng
084 _aX8(A).7 M6
_qFMSL
100 _aSchonberger R J
_9742008
245 0 _aWorld class manufacturing : lessons of symplicity applied
_cSchonberger R J
260 _aNew York
_bNew York, Free
_c1986
300 _a264p
942 _cTB
_hX8(A).7 M6
999 _c1293400
_d1293400